000 00468nam a2200181Ia 4500
008 100917s9999 xx 000 0 und d
082 _b24756
100 _aअदवंत म. ना.
245 _aपैंजण
260 _bचित्रशाळा प्रकाशन
_c1954
300 _a238
365 _b4
520 _aकविता
630 _aपैंजण
650 _aकविता
730 _aपैंजण
942 _cBOOK
999 _c630150
_d630147